[Event "Paracin op-A 18th"]
[Site "Paracin"]
[Date "2025.07.08"]
[Round "5"]
[White "Matinian, Nikita"]
[Black "Mushini, Ajay"]
[Result "1-0"]
[WhiteElo "2421"]
[BlackElo "2196"]
[PlyCount "49"]
[EventDate "2025.07.04"]
[EventType "swiss"]
[EventRounds "9"]
[EventCountry "SRB"]
[SourceTitle "CB29_2025"]
[SourceDate "2025.07.16"]
[SourceVersion "1"]
[SourceVersionDate "2025.07.16"]
[SourceQuality "1"]

1. e4 c5 2. Nf3 d6 3. d4 cxd4 4. Nxd4 Nf6 5. Nc3 a6 6. Bg5 Nbd7 7. Bc4 Qb6 8. Bb3 e6 9. Qd2 Be7 10. 0-0-0 Nc5 11. Qe1 Qc7 12. f4 b5 13. e5 dxe5 14. fxe5 Nd5 15. Bxe7 Nxe7 16. Ne4 Nxe4 17. Qxe4 Rb8 18. h4 0-0 19. h5 h6 20. Rh3 Bb7 21. Qf4 Rfd8 22. Rg3 Nd5 23. Bxd5 Rxd5 24. Qf6 g6 25. hxg6 1-0

[Event "Paracin op-A 18th"]
[Site "Paracin"]
[Date "2025.07.07"]
[Round "4"]
[White "Mushini, Ajay"]
[Black "Xu, Junwei"]
[Result "1-0"]
[WhiteElo "2196"]
[BlackElo "2347"]
[PlyCount "91"]
[EventDate "2025.07.04"]
[EventType "swiss"]
[EventRounds "9"]
[EventCountry "SRB"]
[SourceTitle "CB29_2025"]
[SourceDate "2025.07.16"]
[SourceVersion "1"]
[SourceVersionDate "2025.07.16"]
[SourceQuality "1"]

1. e4 c6 2. d4 d5 3. e5 Bf5 4. Ne2 e6 5. Nf4 Ne7 6. h4 h6 7. c3 Nd7 8. Nd2 c5 9. Bd3 cxd4 10. cxd4 Qb6 11. Nf3 Bg4 12. Qa4 Bxf3 13. gxf3 Nc6 14. Be3 Qb4+ 15. Qxb4 Bxb4+ 16. Ke2 Ba5 17. Bb5 Rc8 18. Rhg1 Kf8 19. Bxc6 Rxc6 20. Rac1 Nb8 21. Nd3 Bb6 22. b4 a6 23. Nc5 Bxc5 24. bxc5 Rc7 25. f4 Kg8 26. Rb1 Kh7 27. Rb6 Rd8 28. Rgb1 Rdd7 29. f5 Nc6 30. fxe6 fxe6 31. h5 Rf7 32. f4 Kg8 33. f5 exf5 34. Bf4 Rfe7 35. Kd3 Nd8 36. Rd6 Rcd7 37. Re1 Ne6 38. Bg3 Kf7 39. Kc3 Rxd6 40. exd6 Re8 41. Rb1 Nd8 42. Bh4 Nc6 43. Rxb7+ Ke6 44. d7 Rf8 45. d8Q Rxd8 46. Bxd8 1-0

[Event "Vojvodina op 15th"]
[Site "Novi Sad"]
[Date "2025.07.02"]
[Round "9"]
[White "Mushini, Ajay"]
[Black "Demchenko, Anton"]
[Result "0-1"]
[WhiteElo "2196"]
[BlackElo "2619"]
[PlyCount "66"]
[EventDate "2025.06.25"]
[EventType "swiss"]
[EventRounds "9"]
[EventCountry "SRB"]
[SourceTitle "CB27_2025"]
[SourceDate "2025.07.02"]
[SourceVersion "1"]
[SourceVersionDate "2025.07.02"]
[SourceQuality "1"]

1. e4 e5 2. Nf3 Nc6 3. Bb5 a6 4. Ba4 Nf6 5. d3 d6 6. c4 g6 7. Nc3 Bg7 8. Nd5 h6 9. Nb4 Bd7 10. Nxc6 bxc6 11. 0-0 0-0 12. h3 Nh7 13. Be3 f5 14. c5 Rb8 15. Rc1 Qe8 16. Re1 Kh8 17. Bd2 Rxb2 18. Bb3 g5 19. exf5 Bxf5 20. cxd6 cxd6 21. Bc3 Rxb3 22. Qxb3 g4 23. hxg4 Bxg4 24. Nh2 Be6 25. Qa3 Qd7 26. Qxa6 Bd5 27. Qa4 Ng5 28. Bd2 Ne6 29. Qh4 Nf4 30. Bxf4 Rxf4 31. Qh5 Bxa2 32. Re4 Rf5 33. Ra4 Rxh5 0-1

[Event "Vojvodina op 15th"]
[Site "Novi Sad"]
[Date "2025.07.01"]
[Round "8"]
[White "Mushini, Ajay"]
[Black "Shahil, Dey"]
[Result "1/2-1/2"]
[WhiteElo "2196"]
[BlackElo "2366"]
[PlyCount "88"]
[EventDate "2025.06.25"]
[EventType "swiss"]
[EventRounds "9"]
[EventCountry "SRB"]
[SourceTitle "CB27_2025"]
[SourceDate "2025.07.02"]
[SourceVersion "1"]
[SourceVersionDate "2025.07.02"]
[SourceQuality "1"]

1. e4 e5 2. Nf3 Nc6 3. Bb5 a6 4. Ba4 Nf6 5. d3 d6 6. c4 g6 7. Nc3 Bg7 8. Nd5 h6 9. h3 Nd7 10. Be3 Nd4 11. Nxd4 exd4 12. Bxd7+ Bxd7 13. Bd2 0-0 14. 0-0 c6 15. Nf4 Kh7 16. a4 f5 17. b4 Be5 18. exf5 Bxf5 19. g4 Bxf4 20. Bxf4 Bxd3 21. Bxh6 Bxf1 22. Bxf8 Bxc4 23. Qxd4 Qxf8 24. Qxc4 Re8 25. Kg2 Re5 26. Ra3 Qe7 27. Rf3 d5 28. Qf4 Kg7 29. Qd4 Kg8 30. Qb6 Re6 31. Rd3 Kh7 32. Qc5 Kg8 33. Qc3 Qd6 34. a5 Re4 35. Rf3 Qe7 36. Rf6 Kh7 37. Qf3 Kg7 38. Rf4 Rxb4 39. Qc3+ d4 40. Rxd4 Rxd4 41. Qxd4+ Kh7 42. Kg3 c5 43. Qc4 g5 44. Kg2 Qc7 1/2-1/2

[Event "Vojvodina op 15th"]
[Site "Novi Sad"]
[Date "2025.06.30"]
[Round "7"]
[White "Stanojevic, Ilija"]
[Black "Mushini, Ajay"]
[Result "0-1"]
[WhiteElo "2189"]
[BlackElo "2196"]
[PlyCount "103"]
[EventDate "2025.06.25"]
[EventType "swiss"]
[EventRounds "9"]
[EventCountry "SRB"]
[SourceTitle "CB27_2025"]
[SourceDate "2025.07.02"]
[SourceVersion "1"]
[SourceVersionDate "2025.07.02"]
[SourceQuality "1"]

1. e4 c5 2. Nf3 d6 3. Bb5+ Nd7 4. Ba4 Ngf6 5. 0-0 g6 6. Re1 Bg7 7. c3 0-0 8. d4 Ne8 9. Bb3 Qc7 10. Bg5 Nef6 11. e5 dxe5 12. dxe5 c4 13. Ba4 Ng4 14. Bxe7 Ndxe5 15. Qd6 Qa5 16. b3 Bf5 17. Bxf8 Rxf8 18. Nbd2 Nd3 19. Nxc4 Qxc3 20. Ne3 Nxe1 21. Rxe1 Nxe3 22. Rxe3 Qa1+ 23. Re1 Qxa2 24. Qc7 a6 25. Qxb7 Bc3 26. Rd1 Bc2 27. Rc1 Qb2 28. Rf1 Bd3 29. g3 Bxf1 30. Kxf1 a5 31. Bc6 Bd4 32. Nxd4 Qxd4 33. Bd5 Kg7 34. Kg2 Qe5 35. h4 Qb8 36. Qd7 Qd8 37. Qb7 h5 38. Bf3 Qd6 39. Bd5 Qb4 40. Qd7 Qb6 41. Bc4 Qd8 42. Qb5 Re8 43. Kg1 Re1+ 44. Bf1 Qd2 45. Kg2 Qb4 46. Qa6 Re6 47. Qa7 Qb6 48. Qxb6 Rxb6 49. Bc4 Rb4 50. Bd5 Rb5 51. Bc4 Rc5 52. Kf3 0-1

[Event "Vojvodina op 15th"]
[Site "Novi Sad"]
[Date "2025.06.29"]
[Round "6"]
[White "Mushini, Ajay"]
[Black "Leskur, Dejan"]
[Result "1/2-1/2"]
[WhiteElo "2196"]
[BlackElo "2193"]
[PlyCount "62"]
[EventDate "2025.06.25"]
[EventType "swiss"]
[EventRounds "9"]
[EventCountry "SRB"]
[SourceTitle "CB27_2025"]
[SourceDate "2025.07.02"]
[SourceVersion "1"]
[SourceVersionDate "2025.07.02"]
[SourceQuality "1"]

1. e4 c5 2. Nf3 d6 3. d4 cxd4 4. Nxd4 Nf6 5. Nc3 Nc6 6. Bc4 Qb6 7. Nb3 e6 8. Bf4 Ne5 9. Be2 Be7 10. Qd2 a6 11. f3 0-0 12. g4 Qc7 13. h4 b5 14. a3 Rb8 15. 0-0-0 Nc4 16. Qe1 e5 17. g5 exf4 18. gxf6 Bxf6 19. Nd5 Bxb2+ 20. Kb1 Qb7 21. Bxc4 bxc4 22. Kxb2 cxb3 23. c3 f5 24. h5 h6 25. e5 Re8 26. Qg1 Rxe5 27. Nf6+ Kf8 28. Nh7+ Kg8 29. Nf6+ Kf8 30. Nh7+ Kg8 31. Nf6+ Kf8 1/2-1/2

[Event "Senta Fantastico IM Mix 02"]
[Site "Senta"]
[Date "2025.02.19"]
[Round "5"]
[White "Gusev, Mikhail"]
[Black "Mushini, Ajay"]
[Result "0-1"]
[WhiteElo "2273"]
[BlackElo "2167"]
[PlyCount "110"]
[EventDate "2025.02.17"]
[EventType "tourn"]
[EventRounds "9"]
[EventCountry "SRB"]
[SourceTitle "CB10_2025"]
[SourceDate "2025.03.05"]
[SourceVersion "1"]
[SourceVersionDate "2025.03.05"]
[SourceQuality "1"]

1. d4 d5 2. Nf3 Nf6 3. g3 Bf5 4. Bg2 e6 5. 0-0 h6 6. c4 c6 7. Nc3 Nbd7 8. Qb3 Qb6 9. c5 Qa6 10. Bf4 b6 11. cxb6 axb6 12. Ne5 Nxe5 13. dxe5 Nd7 14. e4 Nc5 15. Qc2 Bg6 16. b4 Nd7 17. b5 cxb5 18. Qe2 Bb4 19. Nxb5 0-0 20. exd5 Nc5 21. Rfd1 exd5 22. Bxd5 Rad8 23. Bc4 Qb7 24. Nd6 Qe7 25. Qg4 Ne6 26. Bxh6 Bc3 27. Bxg7 Nxg7 28. Qxg6 Bxa1 29. Rxa1 Qxe5 30. Nxf7 Qxa1+ 31. Kg2 Rxf7 32. Qxf7+ Kh7 33. h4 Qe5 34. Bb3 Qe4+ 35. Kh2 Qg6 36. Qc4 Qf6 37. Qc2+ Kh8 38. Qe2 Rf8 39. Kg1 Qf3 40. Qd2 Qf6 41. Qe2 Re8 42. Qd2 Nf5 43. Qd7 Rd8 44. Qc7 Nd4 45. Bc4 Rf8 46. f4 Nf5 47. Kh2 Qb2+ 48. Kh3 Qg7 49. Qxg7+ Kxg7 50. Bd3 Ne3 51. h5 Kh6 52. Bg6 Nd5 53. Kh4 Ne7 54. Be4 Nf5+ 55. Kh3 Ng7 0-1

[Event "Senta Fantastico GM Mix 02"]
[Site "Senta"]
[Date "2025.02.15"]
[Round "8"]
[White "Mushini, Ajay"]
[Black "Spasov, Vasil"]
[Result "1/2-1/2"]
[WhiteElo "2167"]
[BlackElo "2423"]
[PlyCount "70"]
[EventDate "2025.02.11"]
[EventType "swiss"]
[EventRounds "9"]
[EventCountry "SRB"]
[SourceTitle "CB09_2025"]
[SourceDate "2025.02.27"]
[SourceVersion "1"]
[SourceVersionDate "2025.02.27"]
[SourceQuality "1"]

1. e4 c5 2. Nf3 d6 3. d4 cxd4 4. Nxd4 Nf6 5. Nc3 a6 6. Be3 e5 7. Nb3 Be6 8. h3 Be7 9. Qf3 Nbd7 10. 0-0-0 Rc8 11. Nd5 Bxd5 12. exd5 Qc7 13. c3 Nb6 14. Bxb6 Qxb6 15. Kb1 0-0 16. g4 g6 17. h4 e4 18. Qf4 Nd7 19. h5 Bf6 20. g5 Be5 21. Qh4 Rfe8 22. f4 exf3 23. hxg6 hxg6 24. Bh3 Qc7 25. Rdf1 Bg7 26. Be6 Ne5 27. Bxc8 Rxc8 28. Nd2 Qb6 29. Qd4 Qb5 30. a4 Qd7 31. Qe4 b5 32. a5 Qc7 33. Rh2 Qxa5 34. Rfh1 b4 35. cxb4 Qb5 1/2-1/2

[Event "Senta Fantastico GM Mix 02"]
[Site "Senta"]
[Date "2025.02.13"]
[Round "4"]
[White "Mushini, Ajay"]
[Black "Drazic, Sinisa"]
[Result "1-0"]
[WhiteElo "2167"]
[BlackElo "2270"]
[PlyCount "77"]
[EventDate "2025.02.11"]
[EventType "swiss"]
[EventRounds "9"]
[EventCountry "SRB"]
[SourceTitle "CB09_2025"]
[SourceDate "2025.02.27"]
[SourceVersion "1"]
[SourceVersionDate "2025.02.27"]
[SourceQuality "1"]

1. e4 c5 2. Nf3 d6 3. d4 cxd4 4. Nxd4 a6 5. Nc3 e6 6. Be2 b5 7. a3 Bb7 8. f4 Nd7 9. 0-0 Qc7 10. Be3 Ngf6 11. Bd3 Be7 12. Kh1 h5 13. Qf3 g6 14. Rae1 Ng4 15. Bg1 Nc5 16. Qe2 Bh4 17. Rd1 Bf6 18. Bxb5+ Kf8 19. Bd3 Kg7 20. a4 Nxd3 21. Rxd3 Rhe8 22. Qd2 e5 23. Nde2 exf4 24. Qxf4 Be5 25. Bd4 Qe7 26. Bxe5+ dxe5 27. Qg3 Rad8 28. h3 Rxd3 29. cxd3 Nf6 30. Nd1 Rd8 31. Ne3 Bc8 32. Nc4 Re8 33. Ng1 Nd7 34. Nf3 f6 35. Nh4 Nf8 36. Ne3 Qd8 37. Nd5 Re6 38. Rc1 Rd6 39. Rxc8 1-0

[Event "Senta Fantastico GM Mix 02"]
[Site "Senta"]
[Date "2025.02.12"]
[Round "2"]
[White "Mushini, Ajay"]
[Black "Runic, Zoran"]
[Result "1-0"]
[WhiteElo "2167"]
[BlackElo "2262"]
[PlyCount "55"]
[EventDate "2025.02.11"]
[EventType "swiss"]
[EventRounds "9"]
[EventCountry "SRB"]
[SourceTitle "CB09_2025"]
[SourceDate "2025.02.27"]
[SourceVersion "1"]
[SourceVersionDate "2025.02.27"]
[SourceQuality "1"]

1. e4 d6 2. d4 Nf6 3. Nc3 e5 4. Nf3 Nbd7 5. Bc4 Be7 6. 0-0 0-0 7. Re1 c6 8. a4 a5 9. h3 Qc7 10. Bg5 h6 11. Bh4 Re8 12. Qd2 exd4 13. Nxd4 Ne5 14. Ba2 Ng6 15. Bg3 Bf8 16. Rad1 Qb6 17. Bb3 Bd7 18. Kh2 Rad8 19. f4 Bc8 20. Qf2 Qc7 21. Qf3 h5 22. f5 Ne5 23. Bxe5 dxe5 24. Nde2 b6 25. Ng3 h4 26. Nh5 Nxh5 27. Qxh5 Qe7 28. f6 1-0

[Event "Senta Fantastico GM Mix 02"]
[Site "Senta"]
[Date "2025.02.12"]
[Round "3"]
[White "Popovic, Milan S"]
[Black "Mushini, Ajay"]
[Result "1/2-1/2"]
[WhiteElo "2321"]
[BlackElo "2167"]
[PlyCount "45"]
[EventDate "2025.02.11"]
[EventType "swiss"]
[EventRounds "9"]
[EventCountry "SRB"]
[SourceTitle "CB09_2025"]
[SourceDate "2025.02.27"]
[SourceVersion "1"]
[SourceVersionDate "2025.02.27"]
[SourceQuality "1"]

1. e4 c5 2. Nf3 d6 3. d4 cxd4 4. Qxd4 a6 5. h3 Nc6 6. Qe3 Nf6 7. c4 g6 8. Be2 Bg7 9. 0-0 0-0 10. Nc3 Nd7 11. b3 Qa5 12. Bb2 Qc5 13. Qd2 Qa5 14. a3 Nde5 15. b4 Nxf3+ 16. Bxf3 Qd8 17. Nd5 Bxb2 18. Qxb2 e5 19. Rad1 Be6 20. Ne3 Nd4 21. Be2 Qg5 22. Rxd4 exd4 23. f4 1/2-1/2

[Event "Senta Fantastico GM Mix 02"]
[Site "Senta"]
[Date "2025.02.11"]
[Round "1"]
[White "Jiang, Haochen"]
[Black "Mushini, Ajay"]
[Result "1-0"]
[WhiteElo "2374"]
[BlackElo "2167"]
[PlyCount "69"]
[EventDate "2025.02.11"]
[EventType "swiss"]
[EventRounds "9"]
[EventCountry "SRB"]
[SourceTitle "CB09_2025"]
[SourceDate "2025.02.27"]
[SourceVersion "1"]
[SourceVersionDate "2025.02.27"]
[SourceQuality "1"]

1. d4 d5 2. c4 c6 3. Nf3 Nf6 4. e3 Bf5 5. Nh4 Be4 6. Nc3 e6 7. f3 Bg6 8. Bd2 Nbd7 9. Nxg6 hxg6 10. Qc2 Bd6 11. 0-0-0 dxc4 12. Bxc4 b5 13. Be2 0-0 14. Kb1 a6 15. g4 Rc8 16. h4 c5 17. d5 e5 18. g5 Nh5 19. Ne4 Qe7 20. f4 exf4 21. Bxh5 gxh5 22. exf4 Rfe8 23. Rde1 Qf8 24. Rhg1 g6 25. f5 Bh2 26. Rg2 Be5 27. fxg6 fxg6 28. Nf6+ Bxf6 29. gxf6 Rxe1+ 30. Bxe1 Ne5 31. Rxg6+ Nxg6 32. Qxg6+ Kh8 33. Bc3 b4 34. Qxh5+ Kg8 35. f7+ 1-0

[Event "Senta Fantastico op 03"]
[Site "Senta"]
[Date "2025.02.08"]
[Round "6.16"]
[White "Sredojevic, Ivan"]
[Black "Mushini, Ajay"]
[Result "1/2-1/2"]
[WhiteElo "2217"]
[BlackElo "2167"]
[PlyCount "21"]
[EventDate "2025.02.05"]
[EventType "swiss"]
[EventRounds "9"]
[EventCountry "SRB"]
[SourceTitle "CB08_2025"]
[SourceDate "2025.02.19"]
[SourceVersion "1"]
[SourceVersionDate "2025.02.19"]
[SourceQuality "1"]

1. e4 c5 2. Nf3 e6 3. d3 Nc6 4. g3 d5 5. Nbd2 Nf6 6. Bg2 Be7 7. 0-0 b6 8. Re1 Bb7 9. e5 Nd7 10. a3 g5 11. c4 1/2-1/2

[Event "Novi Sad TS GM 188th"]
[Site "Novi Sad"]
[Date "2024.02.20"]
[Round "9"]
[White "Mushini, Ajay"]
[Black "Durak, Can"]
[Result "1/2-1/2"]
[WhiteElo "2384"]
[BlackElo "2396"]
[PlyCount "23"]
[EventDate "2024.02.15"]
[EventType "tourn"]
[EventRounds "9"]
[EventCountry "SRB"]
[EventCategory "7"]
[SourceTitle "EXT 2025"]
[Source "ChessBase"]
[SourceDate "2024.10.14"]
[SourceVersion "1"]
[SourceVersionDate "2024.10.14"]
[SourceQuality "1"]

1. e4 e5 2. Nf3 Nf6 3. Nxe5 d6 4. Nf3 Nxe4 5. Nc3 Nxc3 6. dxc3 Be7 7. Bf4 Nc6 8. Qd2 Bf5 9. 0-0-0 Qd7 10. Kb1 a6 11. Nd4 Nxd4 12. cxd4 1/2-1/2

[Event "Novi Sad TS GM 188th"]
[Site "Novi Sad"]
[Date "2024.02.17"]
[Round "5"]
[White "Mushini, Ajay"]
[Black "Milosevic, Milos"]
[Result "1/2-1/2"]
[WhiteElo "2384"]
[BlackElo "2390"]
[PlyCount "30"]
[EventDate "2024.02.15"]
[EventType "tourn"]
[EventRounds "9"]
[EventCountry "SRB"]
[EventCategory "7"]
[SourceTitle "EXT 2025"]
[Source "ChessBase"]
[SourceDate "2024.10.14"]
[SourceVersion "1"]
[SourceVersionDate "2024.10.14"]
[SourceQuality "1"]

1. e4 c6 2. d4 d5 3. e5 c5 4. dxc5 e6 5. Nf3 Bxc5 6. Bd3 Nc6 7. 0-0 Nge7 8. a3 Ng6 9. b4 Bb6 10. Bb2 0-0 11. Bxg6 fxg6 12. Nbd2 g5 13. h3 Bd7 14. c4 Ne7 15. c5 Bc7 1/2-1/2

[Event "Novi Sad TS GM 188th"]
[Site "Novi Sad"]
[Date "2024.02.17"]
[Round "4"]
[White "Pang, Tao"]
[Black "Mushini, Ajay"]
[Result "1-0"]
[WhiteElo "2451"]
[BlackElo "2384"]
[PlyCount "83"]
[EventDate "2024.02.15"]
[EventType "tourn"]
[EventRounds "9"]
[EventCountry "SRB"]
[EventCategory "7"]
[SourceTitle "EXT 2025"]
[Source "ChessBase"]
[SourceDate "2024.10.14"]
[SourceVersion "1"]
[SourceVersionDate "2024.10.14"]
[SourceQuality "1"]

1. c4 Nf6 2. Nc3 c6 3. Nf3 d5 4. d4 e6 5. Bg5 Nbd7 6. e3 Be7 7. Bd3 0-0 8. 0-0 h6 9. Bh4 b6 10. cxd5 exd5 11. Qc2 Bb7 12. Rfd1 c5 13. Ne5 c4 14. Bf5 a6 15. a4 Re8 16. b3 Qc7 17. bxc4 dxc4 18. Nxd7 Nxd7 19. Bg3 Bd6 20. Bxd7 Qxd7 21. Rab1 Bxg3 22. hxg3 b5 23. axb5 axb5 24. Rxb5 Be4 25. Qb2 Bd3 26. Ra1 Rxa1+ 27. Qxa1 Qg4 28. Qa7 Qc8 29. d5 Qa8 30. Qd4 Qa1+ 31. Kh2 Qe1 32. Rb2 Ra8 33. d6 Ra1 34. g4 Qh1+ 35. Kg3 Rg1 36. Qd5 h5 37. d7 h4+ 38. Kf4 Qh2+ 39. g3 hxg3 40. d8Q+ Kh7 41. Qh5+ Qxh5 42. gxh5 1-0

[Event "Titled Tuesday intern op 06th Feb Early"]
[Site "Chess.com INT"]
[Date "2024.02.06"]
[Round "4"]
[White "Erzhanov, Arman"]
[Black "Mushini, Ajay"]
[Result "1-0"]
[WhiteElo "2156"]
[BlackElo "2384"]
[PlyCount "67"]
[EventDate "2024.02.06"]
[EventType "swiss (blitz)"]
[EventRounds "11"]
[EventCountry "USA"]
[SourceTitle "CBM 218 Extra"]
[Source "ChessBase"]
[SourceDate "2024.03.31"]
[SourceVersion "1"]
[SourceVersionDate "2024.03.31"]
[SourceQuality "1"]

1. e4 c5 2. Nf3 g6 3. d4 cxd4 4. Qxd4 Nf6 5. Nc3 Nc6 6. Qa4 d6 7. e5 dxe5 8. Nxe5 Bd7 9. Nxd7 Nxd7 10. Be3 Bg7 11. Rd1 0-0 12. Bb5 Qc8 13. 0-0 Nde5 14. Qh4 a6 15. Be2 Qf5 16. Rd2 Rad8 17. Rfd1 Rxd2 18. Rxd2 h5 19. Nd5 e6 20. Ne7+ Nxe7 21. Qxe7 b5 22. c3 Qb1+ 23. Bf1 Nc4 24. Re2 Nxb2 25. Qb4 Rd8 26. Rxb2 Qa1 27. Rd2 Rc8 28. Bd4 Bf8 29. Qb2 Qe1 30. Re2 Qd1 31. Qd2 Qa4 32. Qf4 b4 33. Qf6 bxc3 34. Qh8# 1-0

[Event "Titled Tuesday intern op 06th Feb Early"]
[Site "Chess.com INT"]
[Date "2024.02.06"]
[Round "2"]
[White "Ioannidis, Evgenios"]
[Black "Mushini, Ajay"]
[Result "1-0"]
[WhiteElo "2519"]
[BlackElo "2384"]
[PlyCount "73"]
[EventDate "2024.02.06"]
[EventType "swiss (blitz)"]
[EventRounds "11"]
[EventCountry "USA"]
[SourceTitle "CBM 218 Extra"]
[Source "ChessBase"]
[SourceDate "2024.03.31"]
[SourceVersion "1"]
[SourceVersionDate "2024.03.31"]
[SourceQuality "1"]

1. d4 Nf6 2. c4 c5 3. d5 e6 4. Nc3 exd5 5. cxd5 d6 6. e4 g6 7. f4 Bg7 8. Bb5+ Bd7 9. e5 Ng8 10. Nf3 a6 11. Bxd7+ Nxd7 12. 0-0 Nh6 13. Ne4 Nf5 14. g4 Nd4 15. Nxd6+ Kf8 16. Nxd4 cxd4 17. b3 Kg8 18. Bb2 h5 19. g5 Nxe5 20. fxe5 Qxg5+ 21. Kh1 Qxe5 22. Nxf7 Qxd5+ 23. Qf3 Qxf3+ 24. Rxf3 Rf8 25. Raf1 Rh7 26. Ng5 Rxf3 27. Rxf3 Rh6 28. Ne6 g5 29. Nxg7 Kxg7 30. Bxd4+ Kg8 31. Rf5 Rg6 32. Be3 Rc6 33. Rxg5+ Kf7 34. Rxh5 Kf6 35. Rh6+ Kf5 36. Rxc6 bxc6 37. Kg2 1-0

[Event "Titled Tuesday intern op 06th Feb Early"]
[Site "Chess.com INT"]
[Date "2024.02.06"]
[Round "5"]
[White "Mushini, Ajay"]
[Black "Teillet, Benoit"]
[Result "1-0"]
[WhiteElo "2384"]
[BlackElo "2218"]
[PlyCount "55"]
[EventDate "2024.02.06"]
[EventType "swiss (blitz)"]
[EventRounds "11"]
[EventCountry "USA"]
[SourceTitle "CBM 218 Extra"]
[Source "ChessBase"]
[SourceDate "2024.03.31"]
[SourceVersion "1"]
[SourceVersionDate "2024.03.31"]
[SourceQuality "1"]

1. c4 d6 2. Nc3 Nf6 3. g3 g6 4. Bg2 Bg7 5. Nf3 0-0 6. 0-0 c5 7. d4 Nc6 8. dxc5 dxc5 9. Be3 Nd7 10. Qd2 e6 11. Rfd1 Qc7 12. Nb5 Qb8 13. Bf4 e5 14. Bh6 a6 15. Nd6 Nd4 16. Ne4 Nf6 17. Nxf6+ Bxf6 18. Bxf8 Kxf8 19. Rdc1 Be6 20. Nxd4 exd4 21. Bd5 Bh3 22. b4 Kg7 23. bxc5 d3 24. Rab1 dxe2 25. Qxe2 Qc7 26. Rxb7 Qxc5 27. Rxf7+ Kh8 28. Rxf6 1-0

[Event "Titled Tuesday intern op 30th Jan Early"]
[Site "Chess.com INT"]
[Date "2024.01.30"]
[Round "1"]
[White "Vetoshko, Volodymyr"]
[Black "Mushini, Ajay"]
[Result "1-0"]
[WhiteElo "2505"]
[BlackElo "2384"]
[PlyCount "61"]
[EventDate "2024.01.30"]
[EventType "swiss (blitz)"]
[EventRounds "11"]
[EventCountry "USA"]
[SourceTitle "EXT 2025"]
[Source "ChessBase"]
[SourceDate "2024.10.14"]
[SourceVersion "1"]
[SourceVersionDate "2024.10.14"]
[SourceQuality "1"]

1. e4 c5 2. Nf3 d6 3. d4 cxd4 4. Nxd4 Nf6 5. Nc3 a6 6. Be2 e5 7. Nb3 Be7 8. Bg5 Nbd7 9. a4 0-0 10. 0-0 b6 11. Bc4 Bb7 12. Nd2 Rc8 13. Qe2 Nc5 14. Bxf6 Bxf6 15. Bd5 Bg5 16. Bxb7 Nxb7 17. Nf3 Rxc3 18. bxc3 Nc5 19. Rfd1 Bf6 20. Nd2 Qc7 21. Nc4 Ne6 22. Nxd6 Qxc3 23. Qc4 Qa5 24. Nb7 b5 25. Qxe6 Qc7 26. Qd5 Qxc2 27. axb5 axb5 28. Nc5 h6 29. Nd7 Rc8 30. Nxf6+ gxf6 31. g3 1-0

[Event "Titled Tuesday intern op 09th Jan Early"]
[Site "Chess.com INT"]
[Date "2024.01.09"]
[Round "2"]
[White "Feuerstack, Aljoscha"]
[Black "Mushini, Ajay"]
[Result "0-1"]
[WhiteElo "2467"]
[BlackElo "2384"]
[PlyCount "82"]
[EventDate "2024.01.09"]
[EventType "swiss (blitz)"]
[EventRounds "11"]
[EventCountry "USA"]
[SourceTitle "CBM 218 Extra"]
[Source "ChessBase"]
[SourceDate "2024.03.31"]
[SourceVersion "1"]
[SourceVersionDate "2024.03.31"]
[SourceQuality "1"]

1. e4 e6 2. d3 d5 3. Nd2 c5 4. Ngf3 Nf6 5. g3 Nc6 6. Bg2 Be7 7. 0-0 b6 8. e5 Nd7 9. Re1 Bb7 10. Nf1 Qc7 11. Bf4 h6 12. h4 0-0-0 13. h5 g5 14. hxg6 fxg6 15. Bh3 g5 16. Bd2 Ndxe5 17. Nxe5 Nxe5 18. Bxe6+ Kb8 19. d4 cxd4 20. Bh3 d3 21. cxd3 d4 22. Rc1 Qd6 23. Rxe5 Qxe5 24. Qb3 Qd5 25. Qxd5 Bxd5 26. a3 Bf6 27. Nh2 Rhe8 28. Ng4 Bg7 29. f4 Re2 30. Bb4 gxf4 31. gxf4 Rde8 32. Bd6+ Kb7 33. Ne5 Bxe5 34. Bxe5 Rg8+ 35. Kf1 Rxb2 36. Bxd4 Bg2+ 37. Ke1 Re8+ 38. Be5 Bxh3 39. Rc7+ Ka6 40. Rh7 Rc8 41. Kd1 Bg4+ 0-1

[Event "Titled Tuesday intern op 09th Jan Early"]
[Site "Chess.com INT"]
[Date "2024.01.09"]
[Round "4"]
[White "Koshulyan, Egor A"]
[Black "Mushini, Ajay"]
[Result "1-0"]
[WhiteElo "2136"]
[BlackElo "2384"]
[PlyCount "37"]
[EventDate "2024.01.09"]
[EventType "swiss (blitz)"]
[EventRounds "11"]
[EventCountry "USA"]
[SourceTitle "CBM 218 Extra"]
[Source "ChessBase"]
[SourceDate "2024.03.31"]
[SourceVersion "1"]
[SourceVersionDate "2024.03.31"]
[SourceQuality "1"]

1. e4 e6 2. d4 d5 3. e5 c5 4. c3 Nc6 5. Nf3 Qb6 6. Na3 cxd4 7. cxd4 Nh6 8. Nc2 Nf5 9. Bd3 Bd7 10. 0-0 Be7 11. Rb1 0-0 12. g4 Nh4 13. Nxh4 Bxh4 14. g5 f6 15. Qh5 g6 16. Bxg6 hxg6 17. Qxg6+ Kh8 18. exf6 Rg8 19. Qh6# 1-0

[Event "Titled Tuesday intern op 05th Dec Early"]
[Site "Chess.com INT"]
[Date "2023.12.05"]
[Round "9"]
[White "Ernst, Luca"]
[Black "Mushini, Ajay"]
[Result "0-1"]
[WhiteElo "2095"]
[BlackElo "2384"]
[PlyCount "64"]
[EventDate "2023.12.05"]
[EventType "swiss (blitz)"]
[EventRounds "11"]
[EventCountry "USA"]
[SourceTitle "EXT 2025"]
[Source "ChessBase"]
[SourceDate "2024.10.14"]
[SourceVersion "1"]
[SourceVersionDate "2024.10.14"]
[SourceQuality "1"]

1. e4 c5 2. Nf3 d6 3. Bb5+ Bd7 4. Bxd7+ Qxd7 5. c4 e5 6. Nc3 Nc6 7. d3 Nge7 8. a3 g6 9. Nd5 Bg7 10. Bg5 Nxd5 11. cxd5 Nd4 12. Nxd4 exd4 13. 0-0 0-0 14. b4 b5 15. Rc1 Rfc8 16. bxc5 dxc5 17. f4 c4 18. f5 c3 19. f6 Bf8 20. Qb3 a5 21. h4 b4 22. a4 Qg4 23. e5 Re8 24. Rce1 h6 25. Bc1 Qg3 26. e6 Bd6 27. Bf4 Bxf4 28. exf7+ Kxf7 29. d6+ Kf8 30. Rxe8+ Rxe8 31. Rxf4 Qxf4 32. d7 Re1# 0-1